00977nam a22002657a 4500999001700000003000900017008004100026040007100067082002000138100001900158245003300177260005300210300002800263440005700291505003300348650002700381650002300408650001700431700003600448700005200484700003800536942001600574945002100590952010000611 c13352d13352AR-CdUCM190415b ||||| |||| 00| 0 spa d aMUNICIPALIDAD PROVINCIAL DEL CUSCOcBIBLIOTECA MUNICIPAL DEL CUSCO a150.1952 /bF83 aFreud, Sigmund aCorrespondencia, 1909-1939 / aMéxico :bFondo de Cultura Económica,c1966. a142 páginas ;c21 cm. aBiblioteca de Psicología y Psicoanálisis.923276 aContenido: Correspondencias. aPsicoanálisis916757 aPsicología91538 aFreud916135 aPfister, Oskar (coautor)931727 aRodríguez Cabo, Matilde (traducción)931728 aFreud, Ernst L. (prefacio)931729 2ddccLIBROS aachld2019-04-15 002ddc4070aSHbSHcCARTd2019-04-15g30.00o150.1952 / F83pSH0000010556r2019-04-15yLIBROS